Trabajo intelectual e ideología /
Guardado en:
| Autor principal: | |
|---|---|
| Formato: | Texto |
| Etiquetas: |
Agregar Etiqueta
Sin Etiquetas, Sea el primero en etiquetar este registro!
|
MARC
| LEADER | 00000 a a2200000 04500 | ||
|---|---|---|---|
| 001 | 45384 | ||
| 003 | |||
| 040 | |||
| 090 | |a REV0780 (4)1977 | ||
| 100 | |a Padilla, Leonel E. | ||
| 245 | |a Trabajo intelectual e ideología / |c Leonel E. Padilla | ||
| 773 | |g número4, II Epoca (Julio - Diciembre, 1977), páginas 117-134 | ||
| 999 | |c 30125 |d 30125 | ||
